نغمے روح / (Record no. 108940)

MARC details
000 -LEADER
fixed length control field 00690nam a22002537a 4500
005 - DATE AND TIME OF LATEST TRANSACTION
control field 20170123162347.0
010 ## - LIBRARY OF CONGRESS CONTROL NUMBER
LC control number A-212566
020 ## - INTERNATIONAL STANDARD BOOK NUMBER
Terms of availability 00.00
035 ## - SYSTEM CONTROL NUMBER
System control number A-212566
037 ## - SOURCE OF ACQUISITION
Source of stock number/acquisition Cen Lib/Ret
040 ## - CATALOGING SOURCE
Original cataloging agency DPL
Language of cataloging UR
082 ## - DEWEY DECIMAL CLASSIFICATION NUMBER
Classification number 841
Edition number ا ن ز
100 ## - MAIN ENTRY--PERSONAL NAME
Personal name خلیق انجم
9 (RLIN) 133281
245 ## - TITLE STATEMENT
Title نغمے روح /
Statement of responsibility, etc خلیق انجم
246 ## - VARYING FORM OF TITLE
Title proper/short title Naghmaye roh/
Remainder of title by Khaleeq Anjum
260 ## - PUBLICATION, DISTRIBUTION, ETC. (IMPRINT)
Name of publisher, distributor, etc SL
270 ## - ADDRESS
Address SL
300 ## - PHYSICAL DESCRIPTION
Extent 168p.
Dimensions 18cm(Hb)
650 ## - SUBJECT ADDED ENTRY--TOPICAL TERM
Topical term or geographic name as entry element اردو ادب
9 (RLIN) 133282
650 ## - SUBJECT ADDED ENTRY--TOPICAL TERM
Topical term or geographic name as entry element اردو ادب
Form subdivision شیری
9 (RLIN) 589
650 ## - SUBJECT ADDED ENTRY--TOPICAL TERM
Topical term or geographic name as entry element Urdu litrerature
9 (RLIN) 590
650 ## - SUBJECT ADDED ENTRY--TOPICAL TERM
Topical term or geographic name as entry element Urdu literature
Form subdivision Poetry
9 (RLIN) 591
942 ## - ADDED ENTRY ELEMENTS (KOHA)
Source of classification or shelving scheme Dewey Decimal Classification
Koha item type Urdu Bks
Classification part 841
Call number suffix ا ن ز
Holdings
Withdrawn status Lost status Damaged status Not for loan Home library Current library Date acquired Source of acquisition Cost, normal purchase price Total Checkouts Full call number Barcode Date last seen Copy number Cost, replacement price Price effective from Koha item type
        Central Library Central Library 12/02/2016 Cen Lib/Ret 0.00   841 ا ص غ A-212566 12/02/2016 1 0.00 12/02/2016 Urdu Bks

© Delhi Public Library
Hit Counter
free hit counter